[Event "World Rapid Women 2025"]
[Site "Doha QAT"]
[Date "2025.12.27"]
[Round "8.65"]
[White "Fawaz, Nadia"]
[Black "Mikheeva, Galina"]
[Result "1/2-1/2"]
[WhiteTitle "WFM"]
[BlackTitle "FM"]
[WhiteElo "1957"]
[BlackElo "2122"]
[WhiteFideId "5309743"]
[BlackFideId "44108320"]
[EventDate "2025.12.26"]

1. e4 e5 2. Nf3 Nc6 3. Bc4 d6 4. h3 Be7 5. O-O Nf6 6. Re1 O-O 7. d4 exd4 8. Nxd4
Nxd4 9. Qxd4 Nd7 10. Nc3 Ne5 11. Be2 c6 12. Bf4 Qc7 13. Rad1 Be6 14. Bg3 f5 15.
exf5 Rxf5 16. Bg4 Nxg4 17. hxg4 Rf6 18. Re3 Rg6 19. Rde1 Qd7 20. f3 d5 21. Ne2
c5 22. Qd3 d4 23. Re4 Bd5 24. Rxe7 Qxe7 25. Nf4 Qf7 26. Nxg6 hxg6 27. Qb5 Rc8
28. Bd6 Bc4 29. Qa4 b5 30. Qa6 Re8 31. Re5 Rxe5 32. Bxe5 Qe7 33. Qd6 Qxd6 34.
Bxd6 Bxa2 35. Bxc5 Bb1 36. Bxa7 Bxc2 37. Bxd4 Kf7 38. Kf2 Bd3 39. Ke3 Bf1 40. g3
Bc4 41. g5 Bb3 42. g4 Bd1 43. Ke4 Be2 44. Kf4 Bd1 45. Kg3 Be2 46. f4 Bd1 47. f5
gxf5 48. gxf5 g6 49. f6 Bb3 50. Kf4 Bc4 51. Ke5 Bd3 52. Kd6 Bc4 53. Bf2 Be2 54.
Kc5 Bf1 55. Kd4 1/2-1/2

[Event "World Rapid Women 2025"]
[Site "Doha QAT"]
[Date "2025.12.27"]
[Round "8.66"]
[White "Charvi A"]
[Black "Parnali, S Dharia"]
[Result "1-0"]
[WhiteTitle "WFM"]
[BlackTitle "WIM"]
[WhiteElo "2270"]
[BlackElo "2150"]
[WhiteFideId "25165518"]
[BlackFideId "5043131"]
[EventDate "2025.12.26"]

1. e4 e5 2. Nf3 Nc6 3. Bc4 Nf6 4. d3 Bc5 5. c3 a6 6. O-O Ba7 7. a4 h6 8. Nbd2 d6
9. Re1 Ng4 10. Rf1 Ne7 11. d4 Ng6 12. Nb3 Qe7 13. h3 Nf6 14. Re1 O-O 15. Bd3 Nh5
16. Be3 Nhf4 17. Bf1 Rd8 18. Kh2 Qf6 19. g3 Ne6 20. Bg2 Qe7 21. Qd2 Kh7 22. Kg1
Qf6 23. Qe2 Bd7 24. Red1 Qe7 25. h4 Qf6 26. Na5 b6 27. Nb3 Nef4 28. gxf4 exf4
29. e5 Qf5 30. Bc1 d5 31. Re1 Qg4 32. Nbd2 Kg8 33. Nf1 Nxh4 34. Nxh4 Qxh4 35.
Bxd5 Rab8 36. Bg2 b5 37. a5 Bg4 38. Qe4 g5 39. Nh2 Be6 40. Qc6 Rxd4 41. cxd4
Bxd4 42. Rf1 Bc4 43. Nf3 Qg4 44. Re1 Bxf2+ 45. Kxf2 Qg3+ 46. Kg1 g4 47. Bd2 Rd8
48. Rad1 Rd3 49. Bxf4 Qxf4 50. Rxd3 gxf3 51. Qxf3 1-0

[Event "World Rapid Women 2025"]
[Site "Doha QAT"]
[Date "2025.12.27"]
[Round "8.67"]
[White "Lesbekova, Assel"]
[Black "Jimenez Fernandez, Rebeca"]
[Result "0-1"]
[WhiteTitle "WCM"]
[BlackTitle "WFM"]
[WhiteElo "1948"]
[BlackElo "2137"]
[WhiteFideId "13713248"]
[BlackFideId "32070934"]
[EventDate "2025.12.26"]

1. e4 c5 2. Nf3 Nc6 3. Bb5 g6 4. O-O Bg7 5. c3 Nf6 6. Re1 O-O 7. d4 d5 8. e5 Ne4
9. Nbd2 cxd4 10. cxd4 Qb6 11. Bxc6 Qxc6 12. Qe2 Nxd2 13. Bxd2 Bg4 14. h3 Bxf3
15. Qxf3 e6 16. Rec1 Qd7 17. Bb4 Rfc8 18. Qe3 Rc4 19. Bd6 Rac8 20. Rxc4 dxc4 21.
a4 Bf8 22. Bxf8 Kxf8 23. a5 Qd5 24. h4 Rd8 25. Qa3+ Kg8 26. Rd1 h5 27. Qb4 Qc6
28. Qc3 Rd5 29. Rc1 Qb5 30. Qxc4 Qxb2 31. Qc8+ Kg7 32. Rc4 Rxd4 33. Rxd4 Qa1+
34. Kh2 Qxd4 35. Qc7 Qxh4+ 36. Kg1 Qb4 37. g3 Qe1+ 38. Kg2 Qe4+ 39. Kh2 h4 40.
Qb8 hxg3+ 41. fxg3 Qe2+ 42. Kh3 Qf1+ 43. Kh2 Qf2+ 44. Kh3 Qc5 45. Qxb7 Qxa5 46.
Qb2 Qd5 47. Kh2 a5 48. Qc3 a4 49. Qe3 Qb3 50. Qf4 Qc2+ 51. Kg1 Qd1+ 52. Kg2 a3
53. Qf6+ Kg8 0-1

[Event "World Rapid Women 2025"]
[Site "Doha QAT"]
[Date "2025.12.27"]
[Round "8.68"]
[White "Nordahl, Christine"]
[Black "Alotaibi, Maitha Abdulrahman A"]
[Result "1-0"]
[WhiteElo "1835"]
[BlackElo "1600"]
[WhiteFideId "1557939"]
[BlackFideId "21524009"]
[EventDate "2025.12.26"]

1. d4 d5 2. c4 c6 3. Nc3 Nf6 4. e3 Bf5 5. cxd5 cxd5 6. Qb3 Qd7 7. Nf3 e6 8. Bb5
Nc6 9. Ne5 Qc7 10. Qa4 Rc8 11. Qxa7 Bd6 12. Nxc6 bxc6 13. Qxc7 Rxc7 14. Ba4 O-O
15. O-O Bd3 16. Rd1 Ba6 17. a3 Rb8 18. b4 Bc4 19. Bc2 Ra8 20. Bb2 Nd7 21. Bd3
Nb6 22. Rac1 Bxd3 23. Rxd3 Nc4 24. Nd1 Rca7 25. Rcc3 Ra4 26. g3 f5 27. Kf1 g5
28. f3 h5 29. Bc1 Rf8 30. Kg2 Rf7 31. Nb2 Ra8 32. Nxc4 dxc4 33. Rxc4 Rc7 34.
Rdc3 Ra6 35. b5 Rb6 36. Rxc6 Rbxc6 37. Rxc6 Rxc6 38. bxc6 Kf7 39. Bd2 Ke8 40.
Bb4 Bc7 41. e4 fxe4 42. fxe4 Kd8 43. h3 g4 44. hxg4 hxg4 45. d5 exd5 46. exd5
Bb6 47. d6 Kc8 48. a4 Bc7 49. dxc7 Kxc7 50. Kf1 Kxc6 51. Ke2 Kb6 52. Ke3 Kc6 53.
Kf4 Kd5 54. a5 Kc6 55. Kxg4 Kb5 56. Bd2 Ka6 57. Kf5 Kb7 58. g4 Kc6 59. g5 Kd7
60. g6 Ke8 61. a6 Kf8 62. a7 Kg7 63. Bc3+ Kh6 64. a8=Q Kh5 1-0

[Event "World Rapid Women 2025"]
[Site "Doha QAT"]
[Date "2025.12.27"]
[Round "8.69"]
[White "Al-Khulaifi, Ghada"]
[Black "Skaslien, Ingrid"]
[Result "0-1"]
[WhiteTitle "WCM"]
[WhiteElo "1630"]
[BlackElo "2029"]
[WhiteFideId "12100633"]
[BlackFideId "1520660"]
[EventDate "2025.12.26"]

1. d4 Nf6 2. c4 e6 3. Nc3 Bb4 4. a3 Bxc3+ 5. bxc3 b6 6. Bg5 d6 7. e4 h6 8. Bh4
g5 9. Bg3 Nxe4 10. Qf3 Bb7 11. Bd3 Nc5 12. d5 Nxd3+ 13. Qxd3 Qf6 14. Nf3 Nd7 15.
O-O h5 16. h4 g4 17. Ng5 Nc5 18. Qe3 O-O-O 19. f3 Qg6 20. fxg4 f6 21. gxh5 Qh6
22. Bf4 fxg5 23. Bxg5 Qxh5 24. Bxd8 Kxd8 25. Rf4 e5 26. Rf3 Bc8 27. Raf1 Nd7 28.
Qf2 Ba6 29. Qe2 Qh6 30. Rg3 Kc8 31. Qg4 Qh7 32. Qe6 Kb7 33. Rf7 Qb1+ 34. Rf1 Qh7
35. Rg4 Nc5 36. Qf6 Qh6 37. Qf2 e4 38. Qc2 Qh5 39. Rgf4 Bxc4 40. Rd1 Bd3 41. Qc1
Qxd5 42. c4 Qe5 43. Rf2 Rxh4 44. g3 Qxg3+ 45. Rg2 Qe5 46. Rg5 Qf4 47. Qxf4 Rxf4
48. Kg2 Bxc4 49. Kg3 Rf3+ 50. Kg2 Rxa3 51. Rc1 Bd3 52. Rg3 Ra2+ 53. Kg1 b5 0-1

[Event "World Rapid Women 2025"]
[Site "Doha QAT"]
[Date "2025.12.27"]
[Round "8.70"]
[White "Alsemairi, Dalia"]
[Black "Abrar Mohammed Ahmad Almalki"]
[Result "1-0"]
[WhiteTitle "WCM"]
[WhiteElo "1802"]
[BlackElo "1826"]
[WhiteFideId "21511217"]
[BlackFideId "21543143"]
[EventDate "2025.12.26"]

1. d4 Nf6 2. Bf4 e6 3. e3 b6 4. Nf3 Bb7 5. c3 Be7 6. Bd3 Nh5 7. Bg3 Nxg3 8. hxg3
h6 9. Nbd2 c5 10. O-O O-O 11. Qe2 Bxf3 12. Nxf3 Nc6 13. Bc2 Rc8 14. Rac1 d5 15.
Qd3 f5 16. Rfe1 c4 17. Qe2 b5 18. a3 Qd6 19. Nh2 Rce8 20. Qh5 Rf7 21. g4 Ref8
22. Nf3 Bd8 23. g3 a6 24. Kg2 fxg4 25. Qg6 Rxf3 26. Qh7+ Kf7 27. Bg6+ Kf6 28.
Bh5 Rf5 29. Qg6+ Ke7 30. Qxg7+ R5f7 31. Bxf7 Rxf7 32. Qxh6 Kd7 33. Rh1 Ne7 34.
Qg6 Rf5 35. Rh7 Kc6 36. Qe8+ Kb6 37. Rh8 Bc7 38. a4 Rxf2+ 39. Kxf2 Qxg3+ 40. Ke2
Qg2+ 41. Kd1 Qf3+ 42. Kc2 Qe4+ 43. Kd2 Nf5 44. Re1 Qg2+ 45. Kd1 Qf2 46. Qxe6+
Ka5 47. Ra8 Bb6 1-0

[Event "World Rapid Women 2025"]
[Site "Doha QAT"]
[Date "2025.12.28"]
[Round "9.1"]
[White "Zhu, Jiner"]
[Black "Koneru, Humpy"]
[Result "1/2-1/2"]
[WhiteTitle "GM"]
[BlackTitle "GM"]
[WhiteElo "2579"]
[BlackElo "2535"]
[WhiteFideId "8608059"]
[BlackFideId "5008123"]
[EventDate "2025.12.26"]

1. d4 Nf6 2. c4 e6 3. Nf3 d5 4. Nc3 Be7 5. Bf4 O-O 6. e3 b6 7. cxd5 Nxd5 8. Nxd5
Qxd5 9. Be2 Qa5+ 10. Nd2 Ba6 11. O-O c5 12. Nc4 Bxc4 13. Bxc4 cxd4 14. exd4 Nc6
15. d5 exd5 16. Qxd5 Qxd5 17. Bxd5 Rac8 18. Rad1 Rfd8 19. b3 Kf8 20. h3 Bc5 21.
Be4 h6 22. Rxd8+ Nxd8 23. Rd1 Ne6 24. Bg3 Ke7 25. Kf1 a5 26. h4 g5 27. Bb7 Rd8
28. Rxd8 Nxd8 29. Bd5 Bd6 30. hxg5 Bxg3 31. fxg3 hxg5 32. Ke2 Kd6 33. Bf3 Kc5
34. Kd3 f5 35. a3 Ne6 36. Bb7 b5 37. Bc8 Nd4 38. b4+ axb4 39. axb4+ Kd5 40. Bd7
Ke5 41. Be8 Kd5 42. Bd7 Ke5 43. Be8 Kd5 44. Bd7 1/2-1/2

[Event "World Rapid Women 2025"]
[Site "Doha QAT"]
[Date "2025.12.28"]
[Round "9.2"]
[White "Khamdamova, Afruza"]
[Black "Goryachkina, Aleksandra"]
[Result "0-1"]
[WhiteTitle "WGM"]
[BlackTitle "GM"]
[WhiteElo "2403"]
[BlackElo "2534"]
[WhiteFideId "14210444"]
[BlackFideId "4147103"]
[EventDate "2025.12.26"]

1. e4 e5 2. Nf3 Nc6 3. Bb5 a6 4. Ba4 Nf6 5. O-O Be7 6. Re1 b5 7. Bb3 O-O 8. a4
b4 9. d3 d6 10. c3 Rb8 11. Nbd2 Na5 12. Ba2 c5 13. d4 bxc3 14. bxc3 cxd4 15.
cxd4 Nc6 16. d5 Nb4 17. Bc4 a5 18. Bb5 Bd7 19. Bxd7 Nxd7 20. Nc4 Qc7 21. Na3 Nc5
22. Nb5 Qd7 23. Re3 f5 24. Nc3 f4 25. Re2 g5 26. Ne1 g4 27. f3 h5 28. Ba3 Bd8
29. Kh1 Rf7 30. Rb1 Rg7 31. Reb2 Kh7 32. Nb5 Bh4 33. Bxb4 axb4 34. Nd3 Nxa4 35.
Qxa4 Rxb5 36. fxg4 hxg4 37. Rxb4 Rxb4 38. Qxb4 f3 39. Rf1 Rf7 40. Qd2 Qa4 41.
gxf3 Rxf3 42. Qe2 Rxf1+ 43. Qxf1 Qxe4+ 44. Kg1 Kg7 45. Qd1 Bg5 46. Nf2 Be3 47.
Kf1 Bxf2 48. Kxf2 Qd4+ 49. Qxd4 exd4 50. Kg3 d3 51. Kf2 Kf6 52. Ke3 Ke5 53. Kxd3
Kxd5 54. Ke3 0-1

[Event "World Rapid Women 2025"]
[Site "Doha QAT"]
[Date "2025.12.28"]
[Round "9.3"]
[White "Lei, Tingjie"]
[Black "Batsiashvili, Nino"]
[Result "1-0"]
[WhiteTitle "GM"]
[BlackTitle "GM"]
[WhiteElo "2569"]
[BlackElo "2462"]
[WhiteFideId "8605114"]
[BlackFideId "13602993"]
[EventDate "2025.12.26"]

1. e4 e5 2. Nf3 Nc6 3. Bc4 Nf6 4. d3 Bc5 5. Be3 Bb6 6. O-O O-O 7. a4 d5 8. exd5
Nxd5 9. Bd2 a6 10. a5 Ba7 11. Nc3 Nf6 12. h3 h6 13. Re1 Qd6 14. Qe2 Re8 15. Ne4
Nxe4 16. Qxe4 Be6 17. Bc3 Qc5 18. Re2 Bxc4 19. dxc4 Re6 20. b4 Qe7 21. b5 axb5
22. cxb5 Qc5 23. bxc6 Qxc3 24. cxb7 Rb8 25. Ra4 c6 26. a6 Qc5 27. Qe3 Qxe3 28.
fxe3 Rd8 29. Kf1 c5 30. Rd2 Rxd2 31. Nxd2 Kf8 32. Ra3 Ke7 33. Ne4 Rb6 34. Ke2
Rb2 35. Kd2 Kd7 36. Rd3+ Kc7 37. Nd6 Kb6 38. Nc4+ Kxa6 39. Nxb2 Kxb7 40. Rd7+ 1-0

[Event "World Rapid Women 2025"]
[Site "Doha QAT"]
[Date "2025.12.28"]
[Round "9.4"]
[White "Chen, Yining"]
[Black "Lagno, Kateryna"]
[Result "1/2-1/2"]
[WhiteTitle "FM"]
[BlackTitle "GM"]
[WhiteElo "2278"]
[BlackElo "2508"]
[WhiteFideId "8620946"]
[BlackFideId "14109336"]
[EventDate "2025.12.26"]

1. d4 Nf6 2. c4 g6 3. Nc3 Bg7 4. e4 d6 5. Be2 O-O 6. Nf3 e5 7. Be3 exd4 8. Nxd4
Re8 9. f3 c6 10. Bf2 d5 11. exd5 cxd5 12. O-O Nc6 13. Nxc6 bxc6 14. cxd5 Nxd5
15. Nxd5 cxd5 16. Bb5 Re6 17. Qa4 Rb8 18. Rad1 Reb6 19. Bc6 Ra6 20. Qf4 Be6 21.
Bxd5 Qc8 22. Bxe6 Rxe6 23. Rc1 Qe8 24. b3 Rb7 25. Rc4 h5 26. Rfc1 Qd7 27. Bd4
Bxd4+ 28. Rxd4 Qe7 29. Re4 Kh7 30. Rce1 Rxe4 31. Qxe4 Qc5+ 32. Qe3 Qc2 33. Re2
Qb1+ 34. Kf2 Rd7 35. Qe8 Qd1 36. Kg3 Qd4 37. Qe4 Qd6+ 38. Qe5 Qd3 39. h4 Qd1 40.
Re1 Qd2 41. Re2 Qd1 42. Qe8 Qd6+ 43. Qe5 Qd1 44. Re1 Qd2 45. Re2 1/2-1/2

[Event "World Rapid Women 2025"]
[Site "Doha QAT"]
[Date "2025.12.28"]
[Round "9.5"]
[White "Mungunzul, Bat-Erdene"]
[Black "Dronavalli, Harika"]
[Result "1-0"]
[WhiteTitle "WIM"]
[BlackTitle "GM"]
[WhiteElo "2350"]
[BlackElo "2466"]
[WhiteFideId "4902831"]
[BlackFideId "5015197"]
[EventDate "2025.12.26"]

1. d4 e6 2. c4 f5 3. g3 Nf6 4. Bg2 Bb4+ 5. Bd2 Bxd2+ 6. Nxd2 O-O 7. Ngf3 d6 8.
Qc2 Nc6 9. e4 e5 10. dxe5 dxe5 11. O-O f4 12. c5 Qe8 13. b4 Qh5 14. b5 Nd8 15.
Nc4 Nf7 16. Qb2 Re8 17. b6 axb6 18. cxb6 c6 19. a4 Bh3 20. Rfe1 Rad8 21. Qc3 Ng4
22. Nh4 Ng5 23. f3 Nf6 24. Ra2 fxg3 25. hxg3 Be6 26. Rf2 Bxc4 27. Qxc4+ Qf7 28.
Qxf7+ Nxf7 29. a5 g6 30. Bf1 Nd6 31. Rc1 g5 32. Nf5 Nxf5 33. exf5 Rd6 34. Rb2
Rb8 35. Ra1 e4 36. Bc4+ Kf8 37. Kf2 c5 38. Re1 Rd4 39. Be6 g4 40. fxe4 Nxe4+ 41.
Kg2 Ng5 42. Re5 Rbd8 43. Rxc5 Rd2+ 44. Rxd2 Rxd2+ 45. Kf1 Nf3 46. Bd5 Rd1+ 47.
Ke2 Re1+ 48. Kf2 Re5 49. a6 Ne1 50. Rc8+ Ke7 51. Bc4 Nc2 52. axb7 Rxf5+ 53. Ke2
Re5+ 54. Kd2 Nd4 55. b8=Q Nf3+ 56. Kc3 1-0

[Event "World Rapid Women 2025"]
[Site "Doha QAT"]
[Date "2025.12.28"]
[Round "9.6"]
[White "Arabidze, Meri"]
[Black "Muzychuk, Mariya"]
[Result "1/2-1/2"]
[WhiteTitle "IM"]
[BlackTitle "GM"]
[WhiteElo "2413"]
[BlackElo "2475"]
[WhiteFideId "13604040"]
[BlackFideId "14114550"]
[EventDate "2025.12.26"]

1. Nf3 Nf6 2. c4 g6 3. b3 Bg7 4. Bb2 O-O 5. g3 d6 6. Bg2 e5 7. O-O Re8 8. d3 a5
9. Nc3 c6 10. e4 Na6 11. a3 Bd7 12. Re1 b5 13. cxb5 cxb5 14. d4 Qb6 15. dxe5
dxe5 16. Nd5 Nxd5 17. exd5 Qd6 18. Ng5 f5 19. Ne6 Bxe6 20. dxe6 Qxd1 21. Raxd1
e4 22. Bxg7 Kxg7 23. Rd5 Rab8 24. Bf1 Rxe6 25. Bxb5 Nc7 26. Rd7+ Kf6 27. Bc4 Rc6
28. Rf7+ Ke5 29. a4 Ne6 30. Rxh7 Nc5 31. Ra7 Nxb3 32. Bxb3 Rxb3 33. Rxa5+ Kf6
34. Re2 Ra3 35. Kg2 Rc4 36. Ra6+ Kg5 37. Rb2 1/2-1/2

[Event "World Rapid Women 2025"]
[Site "Doha QAT"]
[Date "2025.12.28"]
[Round "9.7"]
[White "Khademalsharieh, Sarasadat"]
[Black "Tan, Zhongyi"]
[Result "1/2-1/2"]
[WhiteTitle "IM"]
[BlackTitle "GM"]
[WhiteElo "2414"]
[BlackElo "2524"]
[WhiteFideId "12512214"]
[BlackFideId "8603642"]
[EventDate "2025.12.26"]

1. d4 d5 2. Nf3 Nf6 3. g3 Bf5 4. Bg2 e6 5. c4 c6 6. Nc3 Be7 7. Qb3 Qb6 8. c5
Qxb3 9. axb3 Na6 10. Ne5 Nb4 11. Ra4 a5 12. O-O Nd7 13. Nxd7 Kxd7 14. Bd2 e5 15.
e4 dxe4 16. Nxe4 Bxe4 17. Bxe4 exd4 18. Bxb4 axb4 19. Rxb4 Kc7 20. Rxd4 Bxc5 21.
Rd2 Rhd8 22. Rfd1 Rxd2 23. Rxd2 g6 24. Kg2 Bd6 25. Bd3 b5 26. Rc2 Rb8 27. Be4 c5
28. Bd5 f5 29. b4 Kb6 30. bxc5+ Bxc5 31. h4 Rd8 32. Be6 Rd6 33. Bg8 h6 34. Re2
Ka5 35. Bf7 Kb4 36. h5 g5 37. Be6 f4 38. gxf4 gxf4 39. Re4+ Ka5 40. b3 Rd4 41.
Re5 Kb4 42. Rf5 Re4 43. Bf7 Be7 44. Kf3 Rd4 45. Rxf4 Rxf4+ 46. Kxf4 Kc5 47. Kf5
Bd6 48. Ke4 b4 49. f4 Bf8 50. Ke5 Bd6+ 51. Kf5 Kd4 1/2-1/2

[Event "World Rapid Women 2025"]
[Site "Doha QAT"]
[Date "2025.12.28"]
[Round "9.8"]
[White "Atalik, Ekaterina"]
[Black "Kosteniuk, Alexandra"]
[Result "1-0"]
[WhiteTitle "IM"]
[BlackTitle "GM"]
[WhiteElo "2349"]
[BlackElo "2483"]
[WhiteFideId "4130189"]
[BlackFideId "4128125"]
[EventDate "2025.12.26"]

1. Nf3 d5 2. e3 c5 3. b3 Nc6 4. Bb2 Nf6 5. Bb5 Bd7 6. O-O e6 7. Bxc6 Bxc6 8. Ne5
Qc7 9. d3 Bd6 10. f4 b6 11. Nxc6 Qxc6 12. Nd2 Qc7 13. Qf3 O-O-O 14. e4 Be7 15.
a4 Qc6 16. Rae1 dxe4 17. Nxe4 Nxe4 18. Qxe4 Qxe4 19. Rxe4 Bf6 20. Bxf6 gxf6 21.
f5 e5 22. Rf3 Rdg8 23. Kf2 Kd7 24. Rh4 Rg5 25. g3 h5 26. Re4 Kc6 27. Ke3 a6 28.
c3 Rd8 29. b4 Rg4 30. Rf2 Rxe4+ 31. dxe4 cxb4 32. cxb4 Rd4 33. Rc2+ Kb7 34. b5
Rxa4 35. Rc6 Ra3+ 36. Ke2 Ra2+ 37. Kd3 axb5 38. Rxf6 Rxh2 39. Rxf7+ Kc6 40. Re7
Rg2 41. Re6+ Kd7 42. Rxe5 Rxg3+ 43. Kd4 h4 44. Rxb5 Kc6 45. Re5 h3 46. Re6+ Kc7
47. Rh6 b5 48. Kc5 Re3 49. Rh7+ Kd8 50. Kd5 b4 51. f6 Rf3 52. Ke6 b3 53. Rd7+
Kc8 54. Rd2 Kc7 55. f7 Kc6 56. e5 Kc5 57. Ke7 Kc4 58. f8=Q Rxf8 59. Kxf8 Kc3 60.
Rh2 1-0

[Event "World Rapid Women 2025"]
[Site "Doha QAT"]
[Date "2025.12.28"]
[Round "9.9"]
[White "Savitha, Shri B"]
[Black "Dzagnidze, Nana"]
[Result "1-0"]
[WhiteTitle "IM"]
[BlackTitle "GM"]
[WhiteElo "2334"]
[BlackElo "2469"]
[WhiteFideId "35061887"]
[BlackFideId "13601903"]
[EventDate "2025.12.26"]

1. e4 c5 2. Nf3 d6 3. d4 cxd4 4. Nxd4 Nf6 5. Nc3 a6 6. Be3 e5 7. Nb3 Be6 8. h3
Be7 9. Qf3 O-O 10. O-O-O b5 11. g4 b4 12. Nd5 Nxd5 13. exd5 Bc8 14. Bd3 a5 15.
Nd2 Nd7 16. g5 Bxg5 17. Qf5 Nf6 18. Qxg5 Bb7 19. Rhg1 g6 20. Bb6 Qe7 21. Ne4
Nxd5 22. Qxe7 Nxe7 23. Nxd6 Bf3 24. Rde1 f6 25. Bc5 Rfd8 26. Rg3 Bd5 27. Ne4 Kf7
28. Nd6+ Ke6 29. Nb5 Rdc8 30. Bxe7 Kxe7 31. f4 Bxa2 32. fxe5 fxe5 33. Rxe5+ Kf6
34. Rge3 a4 35. Nd6 Rc7 36. Ne8+ 1-0

[Event "World Rapid Women 2025"]
[Site "Doha QAT"]
[Date "2025.12.28"]
[Round "9.10"]
[White "Mammadzada, Gunay"]
[Black "Divya, Deshmukh"]
[Result "1/2-1/2"]
[WhiteTitle "IM"]
[BlackTitle "GM"]
[WhiteElo "2390"]
[BlackElo "2497"]
[WhiteFideId "13403729"]
[BlackFideId "35006916"]
[EventDate "2025.12.26"]

1. d4 d5 2. Nf3 Nf6 3. Bf4 e6 4. e3 c5 5. c3 Nc6 6. Nbd2 cxd4 7. exd4 Nh5 8. Be3
Bd6 9. Bd3 Nf4 10. Bxf4 Bxf4 11. g3 Bh6 12. O-O O-O 13. Re1 g6 14. h4 Bd7 15.
Nf1 Qc7 16. h5 Rae8 17. Bb5 Bg7 18. Bxc6 bxc6 19. hxg6 hxg6 20. Ne5 Bxe5 21.
dxe5 f5 22. Qd2 Kg7 23. Nh2 c5 24. Nf3 Bc6 25. Qg5 Qf7 26. b4 Rh8 27. Qf6+ Qxf6
28. exf6+ Kxf6 29. Ne5 Ba8 30. bxc5 d4 31. c6 d3 32. Rad1 Rd8 33. c4 Rd6 34. f3
Bxc6 35. c5 d2 36. Re3 Ba4 37. cxd6 Bxd1 38. Nc4 Rh1+ 39. Kf2 Rh2+ 40. Kg1 Ba4
41. Nb2 d1=Q+ 42. Nxd1 Rxa2 43. Nc3 Ra1+ 44. Kf2 Bd7 45. f4 a5 46. Re5 Rc1 47.
Rc5 Kf7 48. Ke3 Rg1 49. Rxa5 Rxg3+ 50. Kd4 Rf3 51. Ra7 Ke8 52. Ra8+ Kf7 53. Ra7
Ke8 54. Ra8+ Kf7 55. Ra7 Ke8 1/2-1/2

[Event "World Rapid Women 2025"]
[Site "Doha QAT"]
[Date "2025.12.28"]
[Round "9.11"]
[White "Muzychuk, Anna"]
[Black "Tokhirjonova, Gulrukhbegim"]
[Result "1-0"]
[WhiteTitle "GM"]
[BlackTitle "IM"]
[WhiteElo "2518"]
[BlackElo "2372"]
[WhiteFideId "14111330"]
[BlackFideId "14203626"]
[EventDate "2025.12.26"]

1. e4 e5 2. Nf3 Nc6 3. Bc4 Nf6 4. d3 Bc5 5. O-O d6 6. c3 a6 7. Re1 Ba7 8. Nbd2
O-O 9. Nf1 Na5 10. Bb3 Nxb3 11. axb3 h6 12. d4 exd4 13. Nxd4 Re8 14. f3 d5 15.
e5 Nd7 16. f4 Nf8 17. Be3 Ng6 18. b4 Nh4 19. Bf2 Ng6 20. Qd2 c6 21. Nb3 Bxf2+
22. Qxf2 Qh4 23. Qxh4 Nxh4 24. Nc5 b6 25. Nb3 Bb7 26. Kf2 g5 27. g3 Ng6 28. Kf3
Rac8 29. Ne3 c5 30. Kg4 gxf4 31. gxf4 h5+ 32. Kg3 h4+ 33. Kg4 Rc7 34. bxc5 bxc5
35. Ra5 f6 36. exf6 Re4 37. Nxc5 Ne5+ 38. Kh3 Bc8+ 39. Kg2 Rxf4 40. Nxd5 h3+ 41.
Kh1 Rxc5 42. Rxc5 Bb7 43. Kg1 Nf3+ 44. Kf2 Bxd5 45. Rxd5 Nxe1+ 46. Kxe1 Rg4 47.
Rd2 Kf7 48. Rf2 a5 49. b3 Rg1+ 50. Kd2 Rb1 51. Kc2 Rg1 52. Kd3 Rg2 53. Ke3 Rg1
54. Rf3 Rb1 55. Rxh3 Rxb3 56. Kd4 Kxf6 57. Rh5 a4 58. Ra5 a3 59. h4 Ke6 60. h5
Rb1 61. Rxa3 Rh1 62. Ra6+ Kd7 63. h6 Rh4+ 64. Kc5 Rh5+ 65. Kb4 Kc7 66. c4 Kb7
67. Rg6 Kc7 68. c5 Rh1 69. Kc4 Rh2 70. Kd5 Rh5+ 71. Ke6 Rxc5 72. Kf7 Rh5 73. Kg7
Rd5 74. h7 Rd7+ 75. Kh6 Rd8 76. Rg8 Rd6+ 77. Kg5 Rd5+ 78. Kf4 Rd4+ 79. Ke3 1-0

[Event "World Rapid Women 2025"]
[Site "Doha QAT"]
[Date "2025.12.28"]
[Round "9.12"]
[White "Stefanova, Antoaneta"]
[Black "Rudzinska, Michalina"]
[Result "1-0"]
[WhiteTitle "GM"]
[BlackTitle "WGM"]
[WhiteElo "2391"]
[BlackElo "2206"]
[WhiteFideId "2902257"]
[BlackFideId "1172883"]
[EventDate "2025.12.26"]

1. Nf3 d5 2. g3 Nf6 3. Bg2 Bg4 4. h3 Bh5 5. O-O e6 6. d3 Be7 7. Qe1 O-O 8. e4 c5
9. g4 Bg6 10. Ne5 Nc6 11. Nxc6 bxc6 12. e5 Nd7 13. f4 c4 14. f5 exf5 15. gxf5
Bh5 16. dxc4 Bh4 17. Qe3 Re8 18. e6 Nb6 19. cxd5 Nxd5 20. Qe4 Bf6 21. Na3 fxe6
22. fxe6 Qc8 23. Qf5 Bg6 24. Qg4 Qxe6 25. Qxe6+ Rxe6 26. c3 Rae8 27. Bd2 Re2 28.
Rad1 Be4 29. Bxe4 R8xe4 30. Rf2 Be7 31. Rxe2 Rxe2 32. Nc4 Bc5+ 33. Kh1 Re4 34.
b3 Re2 35. Re1 Rf2 36. Re6 Rf1+ 37. Kg2 Rg1+ 38. Kf3 Rf1+ 39. Ke2 Rf2+ 40. Kd1
Rf6 41. Rxf6 gxf6 42. b4 Bf2 43. Ke2 Bg1 44. Kf1 Bh2 45. Na5 Ne7 46. Be3 Bb8 47.
Bc5 1-0

[Event "World Rapid Women 2025"]
[Site "Doha QAT"]
[Date "2025.12.28"]
[Round "9.13"]
[White "Vantika, Agrawal"]
[Black "Kamalidenova, Meruert"]
[Result "1-0"]
[WhiteTitle "IM"]
[BlackTitle "IM"]
[WhiteElo "2369"]
[BlackElo "2366"]
[WhiteFideId "25050389"]
[BlackFideId "13712802"]
[EventDate "2025.12.26"]

1. d4 e6 2. c4 f5 3. Nf3 Nf6 4. g3 Be7 5. Bg2 d5 6. Qc2 Ne4 7. Bf4 c6 8. Nc3 Nd7
9. Rd1 O-O 10. O-O g5 11. Be3 Bf6 12. Nxe4 dxe4 13. Ne5 Qe7 14. Qc1 Qg7 15. f4
exf3 16. Nxf3 h6 17. h4 f4 18. hxg5 fxe3 19. gxf6 Qxg3 20. Qxe3 Rxf6 21. Qf2 Qg7
22. Kh1 Nf8 23. Bh3 e5 24. Rg1 Rg6 25. Bxc8 Rxc8 26. Nxe5 Rg5 27. Rxg5 hxg5 28.
Rf1 Ne6 29. Qf5 Qh6+ 30. Kg1 Rf8 31. Ng4 Qh4 32. Qxe6+ Kh7 33. Qe7+ Kg6 34. Ne5+ 1-0

[Event "World Rapid Women 2025"]
[Site "Doha QAT"]
[Date "2025.12.28"]
[Round "9.14"]
[White "Roebers, Eline"]
[Black "Gunina, Valentina"]
[Result "1-0"]
[WhiteTitle "IM"]
[BlackTitle "GM"]
[WhiteElo "2396"]
[BlackElo "2393"]
[WhiteFideId "1058401"]
[BlackFideId "4167570"]
[EventDate "2025.12.26"]

1. d3 c5 2. g3 Nc6 3. Bg2 g6 4. Nf3 Bg7 5. O-O Nf6 6. Nc3 O-O 7. e4 d6 8. Be3
Rb8 9. a4 Bd7 10. h3 Qc8 11. Kh2 e5 12. Nd2 Nd4 13. f4 Bg4 14. Qc1 Be6 15. Nc4
Bxc4 16. dxc4 Nh5 17. f5 gxf5 18. Nd5 Kh8 19. Bxd4 Nxg3 20. Kxg3 f4+ 21. Kh2
cxd4 22. b3 Qe6 23. Qe1 f5 24. Qh4 Rg8 25. exf5 Qxf5 26. Ne7 Qxc2 27. Ra2 Qd3
28. Rf3 Qe4 29. Re3 Qb1 30. Rb2 Bf8 31. Rxb1 Bxe7 32. Qxe7 dxe3 33. Qf6+ Rg7 34.
Bd5 1-0

[Event "World Rapid Women 2025"]
[Site "Doha QAT"]
[Date "2025.12.28"]
[Round "9.15"]
[White "Kiolbasa, Oliwia"]
[Black "Song, Yuxin"]
[Result "1/2-1/2"]
[WhiteTitle "IM"]
[BlackTitle "IM"]
[WhiteElo "2397"]
[BlackElo "2454"]
[WhiteFideId "1154613"]
[BlackFideId "8614300"]
[EventDate "2025.12.26"]

1. e4 c5 2. Nf3 d6 3. Nc3 Nf6 4. d4 cxd4 5. Qxd4 Nc6 6. Bb5 Bd7 7. Qd3 g6 8. Bg5
Bg7 9. O-O-O Ng4 10. Qd2 Qa5 11. Bxe7 Bxc3 12. Qxd6 Bxb2+ 13. Kb1 Be6 14. Bxc6+
bxc6 15. Kxb2 Qxa2+ 16. Kc1 Qa1+ 17. Kd2 Qa5+ 18. Kc1 Qa1+ 19. Kd2 Qa5+ 20. Kc1
Qa1+ 21. Kd2 1/2-1/2